000 00679nam a2200229 a 4500
999 _c11253
_d11253
001 11253
003 BD-JhCC
005 20220606134024.0
008 190619s 2016bg |||| ||a| 000 0 ben d
020 _a9789849174134
035 _a(BD-JhCC)11253
040 _aBD-JhCC
_dBD-JhCC
041 _aben
082 _a510
_bSHA 2016
100 _a সাহা, সৌমেন
245 _aইজি ম্যাথ /
_cসৌমেন সাহা ।
260 _aঢাকা:
_bঅনুপম প্রকাশনী;
_c২০১৬.
300 _a১৪৪ পৃ. :
_c২২ সেমি.
650 _aMahtematics
942 _2ddc
_cBK
_01